Kỷ yếu hội nghị khoa học giáo dục thể chất các trường Đại học và Cao đẳng Đồng bằng sông Cửu Long

Giới thiệu 18 nghiên cứu khoa học tổng kết, đánh giá thực trạng áp dụng phương pháp giảng dạy tích cực từ các trường đại học và cao đẳng trong khu vực Đồng bằng sông Cửu Long những năm gần đây và một số bài học kinh nghiệm, giải pháp cu...

Description complète

Enregistré dans:
Détails bibliographiques
Format: Livre
Langue:Undetermined
Publié: Cần Thơ Nxb. Đại học Cần Thơ 2014
Sujets:
Tags: Ajouter un tag
Pas de tags, Soyez le premier à ajouter un tag!
Thư viện lưu trữ: Trung tâm Học liệu Trường Đại học Cần Thơ
LEADER 01234nam a2200193Ia 4500
001 CTU_240023
008 210402s9999 xx 000 0 und d
082 |a 796.07 
082 |b K600 
245 0 |a Kỷ yếu hội nghị khoa học giáo dục thể chất các trường Đại học và Cao đẳng Đồng bằng sông Cửu Long 
245 0 |c Trường Đại học Cần Thơ 
260 |a Cần Thơ 
260 |b Nxb. Đại học Cần Thơ 
260 |c 2014 
520 |a Giới thiệu 18 nghiên cứu khoa học tổng kết, đánh giá thực trạng áp dụng phương pháp giảng dạy tích cực từ các trường đại học và cao đẳng trong khu vực Đồng bằng sông Cửu Long những năm gần đây và một số bài học kinh nghiệm, giải pháp cụ thể trong công tác giáo dục thể chất cũng như các hoạt động thể dục thể thao ngoại khóa 
650 |a Physical education and training,Giáo dục thể chất 
650 |x Study and teaching,Dạy và học 
910 |b nthai 
980 |a Trung tâm Học liệu Trường Đại học Cần Thơ